| 000 | 00386nam a22001451a 4500 | ||
|---|---|---|---|
| 020 | _a9788123001869 | ||
| 082 |
_a780 _bNAR/L |
||
| 100 | _aNarayana Menon V K | ||
| 245 |
_aLanguage of music/ _cby Narayana Menon V K |
||
| 260 |
_aIndia: _bPublications Division, Ministry of Information and Broadcasting, _c1994. |
||
| 300 | _a103p. | ||
| 650 | _aMusic | ||
| 650 | _aArts | ||
| 942 | _cBK | ||
| 999 |
_c25296 _d25296 |
||